000 00296nam a22001337a 4500
008 190306b xxu||||| |||| 00| 0 eng d
020 _a2740359893950
041 _aeng
080 _22nd
_a521
100 _a42
101 _aAST
245 _aUnderstanding our Universe
_cPalen
942 _2udc
_cBK
999 _c54657
_d54657